[Event "Abierto Legislatura Norberto La Porta in memoriam"]
[Site "Buenos Aires, ARG"]
[Date "2009.04.08"]
[Round "5.48"]
[White "Scarfo, Ruben"]
[Black "Heinecke, Lucas"]
[Result "1-0"]
[WhiteElo "2138"]
[BlackElo "1979"]

1. e4 c5 2. Nc3 Nc6 3. g3 g6 4. Bg2 Bg7 5. d3 Rb8 6. Be3 d6 7. h3 b5 8. Qd2
b4 9. Nd1 e6 10. Ne2 Nd4 11. c3 Nxe2 12. Qxe2 bxc3 13. bxc3 Ba6 14. Qd2 Ne7
15. O-O O-O 16. f4 Qa5 17. Rf2 f5 18. Rc1 Rfc8 19. g4 Bb7 20. exf5 Bxg2 21.
Rxg2 exf5 22. d4 c4 23. Bf2 Re8 24. Ne3 fxg4 25. hxg4 d5 26. Bh4 h6 27. Rf1 Rb6
28. f5 g5 29. Bg3 Qb5 30. Qf2 Nc8 31. Qf3 Re4 32. Re2 Nd6 33. Rfe1 Ra6 34. f6
Bf8 35. Be5 Nf7 36. Nf5 Rxa2 37. Bg3 Rexe2 38. Rxe2 Ra1+ 39. Kg2 Qb1 40. Be1
Ra2 41. Rxa2 Qxa2+ 42. Bf2 Qa5 43. Bg3 Qd8 44. Ne3 a5 45. Qf5 Qe8 46. Nxd5
Nd6 47. Bxd6 Bxd6 48. f7+ Qxf7 49. Qc8+ Kg7 50. Qxc4 Qe6 51. Kf3 Qf7+ 52. Ke2
Qe6+ 53. Ne3 Qxc4+ 54. Nxc4 Bc7 55. Nb2 Kf6 56. c4 Ke6 57. Kd3 h5 58. gxh5 g4
59. Ke4 g3 60. Kf3 Kf5 61. h6 1-0

[Event "Abierto Legislatura Norberto La Porta in memoriam"]
[Site "Buenos Aires, ARG"]
[Date "2009.04.08"]
[Round "5.49"]
[White "Lupi, Pablo Cesar"]
[Black "Plazaola, Sebastian"]
[Result "1/2-1/2"]
[WhiteElo "2128"]
[BlackElo "1977"]

1. e4 e6 2. d4 d5 3. Nc3 Bb4 4. e5 c5 5. Bd2 cxd4 6. Nb5 a6 7. Bxb4 axb5 8.
Bxb5+ Bd7 9. Bxd7+ Qxd7 10. Nf3 Nc6 11. Bc5 Nge7 12. Bxd4 Nxd4 13. Nxd4 Nc6
14. Nxc6 Qxc6 15. O-O O-O 16. a3 Rfc8 17. c3 Ra4 18. Qd2 Qb6 19. Rad1 Qb3 20.
f4 g6 21. Rf3 Re4 22. Rf2 Rcc4 23. g3 Qb6 24. Rdf1 Re3 25. Re1 d4 26. cxd4
Rxe1+ 27. Qxe1 Qc6 28. Qe3 Rc1+ 29. Rf1 Rc2 30. Qf3 Qb6 31. b4 Qxd4+ 32. Rf2 Qa7
1/2-1/2

[Event "Abierto Legislatura Norberto La Porta in memoriam"]
[Site "Buenos Aires, ARG"]
[Date "2009.04.08"]
[Round "5.50"]
[White "Gallego, Ignacio"]
[Black "Godoy, Luciano"]
[Result "1-0"]
[WhiteElo "1968"]
[BlackElo "2117"]

1. e4 e6 2. d3 c5 3. Nf3 Nc6 4. g3 g6 5. d4 d6 6. Bg2 Bg7 7. dxc5 dxc5 8.
Qxd8+ Kxd8 9. Bg5+ Kc7 10. Nc3 Bxc3+ 11. bxc3 f6 12. Be3 b6 13. e5 f5 14. Ng5
Nge7 15. Nf7 Rf8 16. Nd6 Ba6 17. Bg5 Ng8 18. a4 h6 19. Nb5+ Kb7 20. O-O-O Rac8
21. Nd6+ Kc7 22. Nxc8 Rxc8 23. Bxc6 Kxc6 24. Rd6+ Kc7 25. Be3 Bc4 26. a5 Nf6
27. Rhd1 Nd5 28. Rxe6 Nxc3 29. Re7+ Kc6 30. Rd6+ Kb5 31. axb6 axb6 32. Rb7
1-0

[Event "Abierto Legislatura Norberto La Porta in memoriam"]
[Site "Buenos Aires, ARG"]
[Date "2009.04.13"]
[Round "6.01"]
[White "Rodriguez Vila, Andres"]
[Black "Della Morte, German"]
[Result "1-0"]
[WhiteElo "2524"]
[BlackElo "2382"]

1. d4 Nf6 2. Bg5 d5 3. e3 c5 4. c3 Qb6 5. Qb3 Nc6 6. Nd2 e6 7. Ngf3 Be7 8.
Be2 O-O 9. O-O Re8 10. Rfe1 h6 11. Bf4 Qxb3 12. axb3 Bd7 13. dxc5 Bxc5 14. b4
Bb6 15. b5 Ne7 16. Ne5 Bc8 17. g4 Nd7 18. Nd3 Ng6 19. Bd6 Nf6 20. c4 dxc4 21.
Nxc4 Bd7 22. Nde5 Nxe5 23. Bxe5 Bc5 24. Na5 b6 25. Nb7 Bb4 26. Red1 Bc8 27.
Nd8 Bd7 28. Nc6 Bxc6 29. bxc6 Nd5 30. Ba6 f6 31. Bg3 Re7 32. Bb7 Rf8 33. Rxd5
exd5 34. c7 Ree8 35. Bxd5+ Kh7 36. Rxa7 Bc5 37. Bc6 Re7 38. Ra8 1-0

[Event "Abierto Legislatura Norberto La Porta in memoriam"]
[Site "Buenos Aires, ARG"]
[Date "2009.04.13"]
[Round "6.02"]
[White "Julia, Ernesto"]
[Black "Valerga, Diego"]
[Result "1/2-1/2"]
[WhiteElo "2371"]
[BlackElo "2523"]

1. d4 Nf6 2. c4 g6 3. Nc3 d5 4. Nf3 Bg7 5. e3 O-O 6. b4 b6 7. Ba3 Bb7 8. Rc1
Nbd7 9. cxd5 Nxd5 10. Nxd5 Bxd5 11. Bc4 Bb7 12. O-O a6 13. Bb2 c5 14. bxc5
bxc5 15. Qe2 Rb8 16. Rfd1 Bxf3 17. gxf3 e6 18. Bc3 cxd4 19. Bxd4 Bxd4 20. Rxd4
Qg5+ 21. Kh1 Nc5 22. Qd2 Rfc8 1/2-1/2

[Event "Abierto Legislatura Norberto La Porta in memoriam"]
[Site "Buenos Aires, ARG"]
[Date "2009.04.13"]
[Round "6.03"]
[White "Bielicki, Carlos"]
[Black "Slipak, Sergio"]
[Result "0-1"]
[WhiteElo "2343"]
[BlackElo "2446"]

1. c4 e5 2. Nc3 Bb4 3. Nf3 Bxc3 4. bxc3 d6 5. c5 Nc6 6. cxd6 cxd6 7. g3 Nf6
8. Bg2 O-O 9. O-O d5 10. d3 h6 11. Rb1 Qc7 12. Qa4 Be6 13. Re1 Rac8 14. Nd2
Nd7 15. Ba3 Rfd8 16. Rec1 a6 17. Nb3 b6 18. Qh4 Nf6 19. h3 Ne7 20. Bxe7 Qxe7
21. Qa4 a5 22. Nd2 Bd7 23. Qb3 b5 24. e4 a4 25. Qb2 a3 26. Qb3 dxe4 27. Nxe4
Nxe4 28. Bxe4 Bxh3 29. Qxb5 f5 30. Bd5+ Kh8 31. c4 f4 32. Kh2 Bf5 33. Qb3 Qg5
34. Qd1 Bg4 0-1

[Event "Abierto Legislatura Norberto La Porta in memoriam"]
[Site "Buenos Aires, ARG"]
[Date "2009.04.13"]
[Round "6.04"]
[White "Real De Azua, Ernesto"]
[Black "Nedilski, Diego"]
[Result "1-0"]
[WhiteElo "2446"]
[BlackElo "2290"]

1. e4 c5 2. Nf3 g6 3. d4 cxd4 4. Nxd4 Nc6 5. c4 Nf6 6. Nc3 d6 7. Be2 Nxd4 8.
Qxd4 Bg7 9. Be3 O-O 10. Qd2 Be6 11. Rc1 Qa5 12. f3 Rfc8 13. b3 a6 14. Na4
Qxd2+ 15. Kxd2 Nd7 16. g4 Rcb8 17. Nc3 b5 18. Nd5 Bxd5 19. cxd5 b4 20. Rc7 Bc3+
21. Kc2 Rd8 22. a4 Kf8 23. g5 Ke8 24. f4 Nc5 25. Bxc5 dxc5 26. Rxc5 e5 27.
Rxc3 bxc3 28. fxe5 Kf8 29. Kxc3 Kg7 30. Rf1 Ra7 31. Bc4 h6 32. gxh6+ Kxh6 33.
d6 Kg7 34. h4 a5 35. Kd4 Rc7 36. Bd5 Rcd7 37. Bc6 Re7 38. Bd5 Red7 39. Kc5
Rc8+ 40. Bc6 Rb7 41. Rf3 Kg8 42. Kd5 Rb6 43. Rc3 Kf8 44. d7 Rd8 45. Kd6 Rb4 46.
Bd5 Rb6+ 47. Kc7 Rbb8 48. Rf3 1-0

[Event "Abierto Legislatura Norberto La Porta in memoriam"]
[Site "Buenos Aires, ARG"]
[Date "2009.04.13"]
[Round "6.05"]
[White "Bianchi, Lucas"]
[Black "Diaz Hollemaert, Nahuel"]
[Result "1-0"]
[WhiteElo "2090"]
[BlackElo "2443"]

1. d4 Nf6 2. c4 d6 3. Nc3 Nbd7 4. e4 e5 5. Nf3 g6 6. Be2 Bg7 7. d5 a5 8. Bg5
h6 9. Bh4 O-O 10. O-O Nc5 11. Nd2 Bd7 12. Rb1 c6 13. f3 cxd5 14. cxd5 b5 15.
Bf2 b4 16. Nb5 Qb8 17. a4 Nh5 18. g3 f5 19. Rc1 Nf6 20. Nxd6 Nxa4 21. N6c4
Rc8 22. exf5 gxf5 23. Ra1 Nc5 24. Nxa5 Nxd5 25. Ndb3 Be6 26. Nxc5 Bf7 27. Bc4
Rxc5 28. Bxc5 Qc7 29. Nb3 Rxa1 30. Qxa1 Nf6 31. Bxf7+ Qxf7 32. Qd1 1-0

[Event "Abierto Legislatura Norberto La Porta in memoriam"]
[Site "Buenos Aires, ARG"]
[Date "2009.04.13"]
[Round "6.06"]
[White "Dos Santos, Ramiro"]
[Black "Blit, Jacques"]
[Result "1/2-1/2"]
[WhiteElo "2441"]
[BlackElo "2324"]

1. e4 e5 2. Nf3 Nc6 3. Bb5 g6 4. d4 exd4 5. c3 d3 6. Bg5 f6 7. Bf4 d6 8. h4
Bd7 9. h5 g5 10. Be3 Ne5 11. Nxe5 Bxb5 12. Qb3 dxe5 13. Qxb5+ Qd7 14. Qxb7 Rd8
15. Nd2 Ne7 16. Qxa7 Nc6 17. Qa4 Be7 18. O-O-O O-O 19. Qc4+ Kh8 20. Nb3 f5
21. Rd2 fxe4 22. Qxe4 Qd5 23. f3 Rd7 24. Qxd5 Rxd5 25. Rhd1 Rfd8 26. Kb1 g4
27. Nc1 gxf3 28. gxf3 Rf8 29. Rf2 Bh4 30. Rff1 Rfd8 31. h6 Na5 32. b3 d2 33.
Ne2 Rd3 34. Bg1 Bg5 35. f4 Bxh6 36. fxe5 Bg5 37. Kc2 R3d5 38. Rf5 Bh6 39. Bd4
c5 40. Bg1 Re8 41. Rh5 Rexe5 42. Rxh6 Rxe2 43. Rh2 Rxh2 44. Bxh2 Kg7 45. Rxd2
Rxd2+ 46. Kxd2 Kf6 47. Bg1 Nb7 48. Kd3 Ke5 49. Kc4 h5 50. Kb5 h4 51. a4 Kd6
52. Kb6 c4 53. Bh2+ Kd7 54. bxc4 Nd6 55. c5 Nc4+ 56. Kb7 Na5+ 57. Ka6 Nc4 58.
Kb5 Na3+ 59. Kb4 Nc2+ 60. Kc4 Kc6 61. Bf4 Ne1 62. a5 h3 63. a6 Ng2 64. Bh2
Ne3+ 65. Kd4 Nf5+ 66. Ke5 Ne7 67. Ke6 Nc8 68. Bg1 Na7 69. c4 h2 70. Bxh2 Kxc5
71. Kd7 Kxc4 72. Kc7 Kb5 73. Kb7 Nc6 74. Bc7 Kc5 75. Kc8 Kb5 76. Kb7 Kc5 77.
Ba5 Nxa5+ 1/2-1/2

[Event "Abierto Legislatura Norberto La Porta in memoriam"]
[Site "Buenos Aires, ARG"]
[Date "2009.04.13"]
[Round "6.07"]
[White "Villanueva, Mario"]
[Black "Liascovich, Lucas"]
[Result "1-0"]
[WhiteElo "2311"]
[BlackElo "2439"]

1. e4 d6 2. d4 Nf6 3. Nc3 g6 4. f4 Bg7 5. Nf3 O-O 6. e5 Nfd7 7. h4 c5 8. h5
cxd4 9. hxg6 dxc3 10. gxf7+ Rxf7 11. Bc4 Nf8 12. Ng5 e6 13. Nxf7 Kxf7 14. f5
Qa5 15. fxe6+ Ke8 16. Qh5+ Ng6 17. O-O Qxe5 18. Qxh7 Ne7 19. Bf4 Qd4+ 20. Kh1
cxb2 21. Rad1 Qxc4 22. Qxg7 Bxe6 23. Bxd6 Qh4+ 24. Kg1 Nd7 25. g3 1-0

[Event "Abierto Legislatura Norberto La Porta in memoriam"]
[Site "Buenos Aires, ARG"]
[Date "2009.04.13"]
[Round "6.08"]
[White "Cubas, Jose Fernando"]
[Black "Krysa, Leandro"]
[Result "1-0"]
[WhiteElo "2434"]
[BlackElo "2238"]

1. e4 c5 2. Nf3 e6 3. d4 cxd4 4. Nxd4 a6 5. Nc3 b5 6. Bd3 d6 7. O-O Nf6 8. a4
b4 9. Na2 e5 10. Nf3 Nc6 11. Bd2 Qb6 12. Bg5 Be6 13. Nd2 Be7 14. a5 Qxa5 15.
Bxf6 Bxf6 16. Nc3 {Planilla Ilegible} 1-0

[Event "Abierto Legislatura Norberto La Porta in memoriam"]
[Site "Buenos Aires, ARG"]
[Date "2009.04.13"]
[Round "6.09"]
[White "Amed, Stephanie"]
[Black "Flores, Diego"]
[Result "0-1"]
[WhiteElo "2166"]
[BlackElo "2585"]

1. e4 c5 2. Nf3 e6 3. d4 cxd4 4. Nxd4 a6 5. Bd3 Qc7 6. O-O g6 7. b3 Bg7 8.
Bb2 Nf6 9. Qe2 d6 10. c4 O-O 11. Kh1 b6 12. Nd2 Bb7 13. f4 Nbd7 14. N4f3 e5 15.
fxe5 dxe5 16. Nb1 Nh5 17. Nc3 Nf4 18. Qe3 Nxd3 19. Qxd3 Nc5 20. Qe3 f5 21.
Nd5 Bxd5 22. exd5 e4 23. Bxg7 Qxg7 24. Ng5 f4 25. Qe2 a5 26. Rae1 Rae8 27. Qg4
h5 28. Qd1 Qe5 29. Nf3 Qf6 30. Nd4 Nd3 31. Ne6 Rxe6 32. dxe6 Nxe1 33. Qd5
Re8 34. Rxe1 Rxe6 35. Kg1 e3 36. Qa8+ Kh7 37. Qf3 Kh6 38. Qe2 Rd6 39. Rd1 Qb2
0-1

[Event "Abierto Legislatura Norberto La Porta in memoriam"]
[Site "Buenos Aires, ARG"]
[Date "2009.04.13"]
[Round "6.10"]
[White "Mendez, Pablo Amadeo"]
[Black "Bronstein, Luis Marcos"]
[Result "1/2-1/2"]
[WhiteElo "2160"]
[BlackElo "2401"]

1. e4 e5 2. Nf3 Nc6 3. Bc4 Nf6 4. d3 Be7 5. c3 O-O 6. O-O a6 7. Bb3 d5 8.
Nbd2 h6 9. h3 dxe4 10. dxe4 Bc5 11. Qe2 Nh5 12. Rd1 Nf4 13. Qf1 Qf6 14. Kh2 Rd8
15. Bc2 Be6 16. Ng1 Ng6 17. Ngf3 Nh4 18. Nxh4 Qxh4 19. g3 Qf6 20. Kg2 Ba7 21.
Qe2 Ne7 22. Qf3 Qxf3+ 23. Nxf3 f6 24. Rxd8+ Rxd8 25. Nd2 Kf7 26. h4 g5 27.
hxg5 hxg5 28. Bb3 g4 29. Nc4 Nc8 30. Ne3 Nd6 31. Bxe6+ Kxe6 32. Nxg4 Nxe4 33.
Kf3 Rd1 34. Kxe4 f5+ 35. Kf3 fxg4+ 36. Ke2 Rh1 37. b3 Kf5 38. Bb2 Rh2 39. Rf1
Ke4 40. Bc1 b5 41. Bg5 Bb6 42. Bh4 a5 43. Bg5 b4 44. cxb4 axb4 45. Be7 c5
46. Rc1 Kd5 47. Bh4 e4 48. Bg5 Rh7 49. Bf4 Ra7 50. Rc2 Ra8 51. Bc1 1/2-1/2

[Event "Abierto Legislatura Norberto La Porta in memoriam"]
[Site "Buenos Aires, ARG"]
[Date "2009.04.13"]
[Round "6.11"]
[White "Rodriguez, Jorge Luis"]
[Black "Contessotto, Enrique"]
[Result "1-0"]
[WhiteElo "2393"]
[BlackElo "2124"]

1. e4 e5 2. Nf3 Nc6 3. Nc3 Nf6 4. d4 exd4 5. Nxd4 Bb4 6. Nxc6 bxc6 7. Bd3 d5
8. exd5 cxd5 9. O-O O-O 10. Bg5 c6 11. Qf3 Be7 12. Rfe1 Be6 13. h3 h6 14. Bf4
Bd6 15. Ne2 Bxf4 16. Nxf4 Qd6 17. Rad1 Rae8 18. a3 Bc8 19. Ne2 Qe5 20. c3
Re7 21. Qf4 Rfe8 22. Qxe5 Rxe5 23. Kf1 Ne4 24. Bxe4 Rxe4 25. f3 R4e7 26. Nd4 c5
27. Rxe7 Rxe7 28. Nb3 c4 29. Rxd5 Be6 30. Rd8+ Kh7 31. Nd4 Rb7 32. Nxe6 fxe6
33. Rd2 Kg6 34. Kf2 Kf6 35. Ke3 g5 36. Ke4 Rb5 37. Rf2 Rd5 38. f4 gxf4 39.
Rxf4+ Kg6 40. Ke3 Rb5 41. Rf2 Rd5 42. Rd2 Re5+ 43. Kf4 Rb5 44. Ke4 h5 45. Kf4
Rf5+ 46. Kg3 Rb5 47. Kh4 Kf6 48. Rf2+ Kg6 49. Re2 Kf6 50. g4 hxg4 51. hxg4
Rb7 52. g5+ Kf7 53. Kh5 Kg7 54. Rxe6 Rxb2 55. Re7+ Kf8 56. Rxa7 Rc2 57. a4 Rxc3
58. Rc7 Rc1 59. a5 Ra1 60. Rxc4 Rxa5 61. Kh6 Ra6+ 62. g6 Ra1 63. Rc8+ Ke7
64. Kg7 Rg1 65. Rc2 Ke6 66. Rf2 Rg3 67. Kh7 Rh3+ 68. Kg8 Rg3 69. g7 Ke7 70.
Re2+ Kf6 71. Kf8 1-0

[Event "Abierto Legislatura Norberto La Porta in memoriam"]
[Site "Buenos Aires, ARG"]
[Date "2009.04.13"]
[Round "6.12"]
[White "Bertaccini, Daniel"]
[Black "Tristan, Leonardo"]
[Result "1/2-1/2"]
[WhiteElo "2160"]
[BlackElo "2393"]

1. Nf3 d6 2. d4 f5 3. g3 Nf6 4. Bg2 g6 5. c4 Bg7 6. Nc3 O-O 7. O-O Nc6 8. d5
Na5 9. Nd2 c5 10. Qc2 a6 11. b3 e5 12. dxe6 Bxe6 13. Bb2 Rb8 14. Nd5 b5 15.
Nf4 Bf7 16. cxb5 axb5 17. e4 fxe4 18. Nxe4 Nxe4 19. Bxe4 Bxb2 20. Qxb2 d5 21.
Rad1 d4 22. b4 Nc4 23. Qa1 g5 24. Nd3 cxb4 25. Nxb4 Qe7 26. Nd5 Qe5 27. Qxd4
Qxd4 28. Rxd4 Kg7 29. Nb4 Nb6 30. Rfd1 Na4 31. Rc1 Rbc8 32. Bc6 Rc7 33. Rd7
Rfc8 34. Rxc7 Rxc7 35. Rc2 Bg6 36. Rd2 Nc3 37. Kf1 Bf7 38. Rd7 Rc8 39. Bd5
Nxd5 40. Nxd5 Rc1+ 41. Kg2 Rd1 42. Rxf7+ Kxf7 43. Nc3 Rd2 44. Nxb5 Rxa2 45. Nd4
Kf6 46. h3 h5 47. Nf3 Kf5 48. Nd4+ Ke4 49. Nf3 Ra5 50. Nd2+ Kd3 51. Nf3 Rd5
52. Nh2 Ke2 53. Nf3 Ra5 54. Ng1+ Kd3 55. Nf3 Ke4 56. Nd2+ Kd3 57. Nf3 Rb5 58.
Ne1+ Kd2 59. Nf3+ Kd1 60. Nd4 Rc5 61. Ne6 Rd5 62. h4 gxh4 63. gxh4 Rf5 64.
Kg3 Ke1 65. Nf4 Ra5 66. f3 Kd2 67. Ng2 Ra8 68. Nf4 Ke3 69. Nd5+ Kd4 70. Nf6 Ke5
71. Nxh5 Rh8 72. Kg4 Rg8+ 73. Kh3 Kf5 74. Ng3+ Kf4 75. Ne4 Kxf3 76. Ng5+ Kf4
77. Ne6+ Kf5 78. Nd4+ Ke5 79. Nf3+ Kf4 80. Ng5 Re8 81. Kg2 Re2+ 82. Kf1 Rh2
83. Ne6+ Kf3 84. Nd4+ Ke4 85. Ne2 Ke3 86. Nc3 Rxh4 87. Kg2 Rg4+ 88. Kh3 Rc4
89. Nd5+ Kf3 90. Nf6 Rf4 91. Nh5 Rg4 92. Nf6 Rg6 93. Nh5 Ke4 94. Kh4 Ke5 95.
Ng3 Rg8 96. Nh5 Kf5 97. Ng3+ Kf4 98. Nh5+ Kf3 99. Nf6 Rg1 100. Nh5 Rg4+ 101.
Kh3 Ra4 102. Nf6 Ra6 103. Nh5 Ra4 104. Nf6 Kf4 105. Nh5+ Kg5 106. Ng3 Ra3 107.
Kg2 Kf4 108. Nh5+ Kg5 109. Ng3 Kh4 110. Ne4 Kg4 111. Nf2+ Kf4 112. Nh3+ Ke4
113. Nf2+ Ke3 114. Nh3 Ra8 115. Kg3 Rg8+ 116. Kh4 Kf3 117. Ng5+ Kf4 118. Nh3+
Kf5 119. Nf2 Rg1 120. Nh3 Rg4+ 121. Kh5 Ra4 122. Nf2 Ra3 123. Kh4 Rb3 124.
Nh3 Rf3 125. Ng1 Rf4+ 126. Kh5 Rg4 127. Nh3 Rg3 128. Kh4 Rf3 129. Ng1 Ra3 130.
Nh3 Ra8 131. Kg3 Rg8+ 132. Kf3 Rb8 133. Nf2 Rb3+ 134. Ke2 Rg3 135. Nd1 Kf4
136. Kd2 Ke4 1/2-1/2

[Event "Abierto Legislatura Norberto La Porta in memoriam"]
[Site "Buenos Aires, ARG"]
[Date "2009.04.13"]
[Round "6.13"]
[White "Godoy, Carlos"]
[Black "Szmetan, Jorge"]
[Result "0-1"]
[WhiteElo "2128"]
[BlackElo "2374"]

1. e4 Nf6 2. e5 Nd5 3. d4 d6 4. Nf3 Bg4 5. Be2 c6 6. Ng5 Bxe2 7. Qxe2 dxe5 8.
dxe5 e6 9. O-O Nd7 10. f4 Be7 11. c4 N5b6 12. Ne4 Qc7 13. Be3 O-O 14. Nbd2
c5 15. Qh5 Rfd8 16. Ng5 Bxg5 17. Qxg5 Qc6 18. Qg3 Nf8 19. Qf2 Rd3 20. Nb3 Nxc4
21. Bxc5 b6 22. Rac1 Qd5 23. Qc2 b5 24. Rfd1 Rxd1+ 25. Rxd1 Qc6 26. Qf2 a5
27. Bxf8 Rxf8 28. Qd4 h5 29. h3 Rc8 30. Kh2 g6 31. Nd2 Nxd2 32. Rxd2 Qc1 33.
Rd1 Qc2 34. Rd2 Qf5 35. Rf2 Rc4 36. Qd2 b4 37. b3 Rc5 38. Qd8+ Kg7 39. Qh4 Rc8
40. g4 hxg4 41. hxg4 Qe4 42. Qf6+ Kg8 43. Rg2 Qe3 44. Qg5 Qe1 45. Qf6 Rc1
46. f5 Qh1+ 47. Kg3 Rc3+ 48. Kf2 Rc2+ 49. Ke3 Qe1+ 0-1

[Event "Abierto Legislatura Norberto La Porta in memoriam"]
[Site "Buenos Aires, ARG"]
[Date "2009.04.13"]
[Round "6.14"]
[White "Uelf, Maximiliano"]
[Black "Goldwaser, Christian"]
[Result "0-1"]
[WhiteElo "2096"]
[BlackElo "2361"]

1. e4 c5 2. Nf3 e6 3. d4 cxd4 4. Nxd4 a6 5. Be2 Nf6 6. Nc3 Qc7 7. O-O Nc6 8.
a3 b5 9. Be3 Bb7 10. f4 d6 11. Bf3 Be7 12. Kh1 O-O 13. Qe1 Na5 14. b3 Rac8
15. Nde2 Rfe8 16. f5 Bd8 17. Qf2 e5 18. g4 d5 19. exd5 e4 20. Bg2 Nxg4 21. Qf4
Nxe3 22. Qxe3 Qe5 23. Qxe4 Qxe4 24. Bxe4 Bf6 0-1

[Event "Abierto Legislatura Norberto La Porta in memoriam"]
[Site "Buenos Aires, ARG"]
[Date "2009.04.13"]
[Round "6.15"]
[White "Filgueira, Hernan"]
[Black "Cabrera Pando, Ramiro"]
[Result "1-0"]
[WhiteElo "2354"]
[BlackElo "2104"]

1. Nf3 Nf6 2. g3 b5 3. Bg2 Bb7 4. O-O e6 5. d4 Be7 6. Bg5 d6 7. c3 Nbd7 8.
Nbd2 O-O 9. Qc2 c5 10. e4 h6 11. Be3 a5 12. h3 Qc7 13. dxc5 dxc5 14. a4 bxa4
15. Rxa4 Bc6 16. Ra2 Qb7 17. Ne1 a4 18. g4 Nb6 19. f4 Nfd7 20. Nef3 f5 21. exf5
Nd5 22. Nc4 exf5 23. gxf5 Qb5 24. Nfd2 Nxe3 25. Nxe3 Bxg2 26. Nxg2 c4 27.
Qe4 Qc5+ 28. Ne3 Nb6 29. Ndxc4 Nxc4 30. Qxc4+ Qxc4 31. Nxc4 Rxf5 32. Kg2 Bf6
33. Ne3 Rb5 34. Rf2 Kf7 35. Rd2 Kg6 36. Kf3 Rh5 37. Kg3 Re8 38. Rd3 Bh4+ 39.
Kg2 Re4 40. Kf3 1-0

[Event "Abierto Legislatura Norberto La Porta in memoriam"]
[Site "Buenos Aires, ARG"]
[Date "2009.04.13"]
[Round "6.16"]
[White "Quiroga, Facundo"]
[Black "Mashal, Ruben"]
[Result "1-0"]
[WhiteElo "2329"]
[BlackElo "2066"]

1. Nf3 Nf6 2. b3 c5 3. e3 Nc6 4. Bb5 g6 5. Bb2 Bg7 6. O-O O-O 7. a3 d5 8.
Bxc6 bxc6 9. Be5 Nd7 10. Bxg7 Kxg7 11. d3 e5 12. c4 d4 13. Re1 Re8 14. Nbd2 f5
15. Qc2 a5 16. Re2 e4 17. dxe4 Nf6 18. exd4 fxe4 19. Nxe4 Bf5 20. Nxf6 Bxc2
21. Nxe8+ Kg8 22. Rae1 Bf5 23. Re7 Kf8 24. Rxh7 Kg8 25. Ree7 Ra7 26. Nf6+ 1-0

[Event "Abierto Legislatura Norberto La Porta in memoriam"]
[Site "Buenos Aires, ARG"]
[Date "2009.04.13"]
[Round "6.17"]
[White "Olivera, Horacio"]
[Black "Paveto, Kevin"]
[Result "1/2-1/2"]
[WhiteElo "2257"]
[BlackElo "2057"]

1. c4 Nf6 2. Nc3 d5 3. cxd5 Nxd5 4. d4 g6 5. e4 Nxc3 6. bxc3 Bg7 7. Be3 O-O
8. Qd2 c5 9. Rb1 Nc6 10. d5 Qa5 11. Rc1 Ne5 12. h3 e6 13. f4 Nd7 14. c4 Qxd2+
15. Kxd2 b6 16. Nf3 Nf6 17. Bd3 exd5 18. exd5 Re8 19. Rhe1 Ne4+ 20. Bxe4 Rxe4
21. Ng5 Re8 22. Bxc5 Rxe1 23. Rxe1 Ba6 24. Be7 Bxc4 25. d6 Bb5 26. Rc1 h6
27. Nf3 Bf8 28. Rc7 Bxe7 29. dxe7 f6 30. Nd4 Be8 31. f5 a5 32. Rb7 gxf5 33.
Rxb6 Kf7 34. Rb7 f4 35. Kd3 Ra6 36. Rc7 Rd6 37. Ke4 f3 38. gxf3 h5 39. Rc5 a4
40. Rxh5 Rb6 41. Rc5 Kxe7 42. Nf5+ Kd8 43. h4 Bf7 44. a3 Rb3 45. Nd6 Bg6+ 46.
Kd5 Kd7 47. Nb5 Rd3+ 48. Kc4 Rxf3 49. Rc7+ Kd8 50. Rg7 Bd3+ 51. Kb4 Bxb5 52.
Kxb5 Rxa3 53. Rf7 Rf3 54. Kxa4 Ke8 55. Rh7 Kf8 56. Kb4 Kg8 57. Ra7 Rf4+ 58.
Kc3 Rxh4 59. Kd3 Rh7 60. Ra8+ Kg7 1/2-1/2

[Event "Abierto Legislatura Norberto La Porta in memoriam"]
[Site "Buenos Aires, ARG"]
[Date "2009.04.13"]
[Round "6.18"]
[White "Perez Pietronave, Carlos"]
[Black "Garcia, Ezequiel Alejandro"]
[Result "1/2-1/2"]
[WhiteElo "2218"]
[BlackElo "1985"]

1. e4 Nc6 2. d4 d5 3. exd5 Qxd5 4. Nf3 Bg4 5. Be2 O-O-O 6. c4 Qh5 7. Nc3 Nf6
8. Be3 e5 9. d5 e4 10. Ng5 Ne5 11. Ngxe4 Bxe2 12. Qxe2 Qxe2+ 13. Kxe2 Nxe4
14. Nxe4 Nxc4 15. Rhd1 Re8 16. Rd4 Nxe3 17. fxe3 f5 18. Ng5 Bc5 19. Rd3 f4 20.
e4 Re5 21. h4 h6 22. Rc1 hxg5 23. Rxc5 Rxe4+ 24. Kf3 Re3+ 25. Rxe3 fxe3 26.
d6 gxh4 27. Rxc7+ Kb8 28. Rxg7 h3 29. gxh3 Rxh3+ 30. Ke2 Kc8 31. Rc7+ Kd8 32.
Rxb7 a5 33. a4 Rh4 34. b3 Re4 35. Re7 Rxe7 36. dxe7+ Kxe7 37. Kxe3 Kd7 38.
Kd3 Kc7 39. Kc3 Kd7 40. Kd3 Kc7 41. Ke4 Kc6 42. Kd4 Kd6 43. Kc4 Kc6 1/2-1/2

[Event "Abierto Legislatura Norberto La Porta in memoriam"]
[Site "Buenos Aires, ARG"]
[Date "2009.04.13"]
[Round "6.19"]
[White "Radoszta, Armando E."]
[Black "Granara Barreto, Sebastian A."]
[Result "0-1"]
[WhiteElo "2083"]
[BlackElo "2198"]

1. e4 c5 2. Nf3 d6 3. c3 Nf6 4. d3 g6 5. Be2 Bg7 6. O-O O-O 7. Re1 Nc6 8.
Nbd2 b5 9. Nf1 b4 10. Ng3 Nd7 11. d4 Qa5 12. Qd3 bxc3 13. bxc3 cxd4 14. cxd4
Nxd4 15. Bd2 Nxe2+ 16. Nxe2 Qa6 17. Qxa6 Bxa6 18. Rac1 Nc5 19. Nf4 e5 20. Nd5
Bb7 21. Rb1 Bxd5 22. exd5 Rab8 23. Ba5 Rxb1 24. Rxb1 Rc8 25. Kf1 e4 26. Nd2 f5
27. Nc4 Bf8 28. Ke2 Nd3 29. Na3 Nf4+ 30. Kd1 Nxd5 31. Rb7 a6 32. Ra7 Nf4 33.
Rxa6 Nd3 34. Bd2 d5 35. Nb5 Bc5 36. Be3 Nxf2+ 37. Ke2 Bxe3 38. Kxe3 Nd1+ 39.
Kd2 Nb2 40. a4 f4 41. a5 e3+ 42. Ke1 Rc1+ 43. Ke2 Rc2+ 44. Kf1 e2+ 0-1

[Event "Abierto Legislatura Norberto La Porta in memoriam"]
[Site "Buenos Aires, ARG"]
[Date "2009.04.13"]
[Round "6.20"]
[White "Paternoste, Martin"]
[Black "Mayo, Raul"]
[Result "1-0"]
[WhiteElo "2024"]
[BlackElo "2170"]

1. Nf3 Nf6 2. c4 c5 3. g3 b6 4. Bg2 Bb7 5. O-O e6 6. Nc3 Be7 7. d3 O-O 8. e4
d6 9. a3 Nc6 10. Rb1 Nd7 11. b4 cxb4 12. axb4 Bf6 13. d4 Ne7 14. Qd3 Qc7 15.
Nb5 Qb8 16. Be3 a6 17. Nc3 Rd8 18. Ng5 h6 19. Nf3 Qc7 20. Rfc1 Rac8 21. Ne2
Qb8 22. d5 Ne5 23. Nxe5 dxe5 24. Bxb6 exd5 25. Bxd8 dxc4 26. Rxc4 Rxd8 27. Qc2
Qa8 28. Rc7 Nc6 29. Qc4 Be7 30. b5 axb5 31. Qxb5 Ba6 32. Qxc6 Qxc6 33. Rxc6
Bxe2 34. Rc7 Bd6 35. Rcb7 Ba6 36. R7b6 Be2 37. h4 g5 38. hxg5 hxg5 39. Bf1
Bf3 40. Bg2 Be2 41. R1b2 Bc5 42. Rc6 Rd1+ 43. Kh2 1-0

[Event "Abierto Legislatura Norberto La Porta in memoriam"]
[Site "Buenos Aires, ARG"]
[Date "2009.04.13"]
[Round "6.21"]
[White "Mareco, Sandro"]
[Black "Scarfo, Ruben"]
[Result "1-0"]
[WhiteElo "2512"]
[BlackElo "2138"]

1. d4 Nf6 2. c4 c5 3. d5 e6 4. Nc3 exd5 5. cxd5 d6 6. Nf3 g6 7. Nd2 Bg7 8. e4
a6 9. a4 O-O 10. Be2 Re8 11. O-O Nbd7 12. f4 Rb8 13. Kh1 Qc7 14. Qc2 Nf8 15.
a5 N6d7 16. Nc4 Bxc3 17. bxc3 b5 18. axb6 Nxb6 19. Ne3 c4 20. Bf3 Qe7 21.
Ba3 Qf6 22. Ng4 Bxg4 23. Bxg4 Nfd7 24. Bb4 Ra8 25. g3 h5 26. Bh3 Kg7 27. Kg2
Qe7 28. Rae1 a5 29. Ba3 Nc5 30. Qf2 Kh7 31. Kg1 h4 32. e5 Nba4 33. Qd4 hxg3 34.
hxg3 Nd3 35. Bxd6 Qa7 36. Re4 Nxc3 37. Qxa7 Rxa7 38. Rxc4 Nxd5 39. Ra1 Nb2
40. Rc2 Nd3 41. Rd2 N5b4 42. Bf1 Nxe5 43. Bxe5 Nc6 44. Rh2+ 1-0

[Event "Abierto Legislatura Norberto La Porta in memoriam"]
[Site "Buenos Aires, ARG"]
[Date "2009.04.13"]
[Round "6.22"]
[White "Perez Ponsa, Federico"]
[Black "Tenti, Joaquin"]
[Result "1-0"]
[WhiteElo "2389"]
[BlackElo "2131"]

1. e4 e6 2. d4 d5 3. Nc3 Nf6 4. e5 Nfd7 5. f4 c5 6. Nf3 Nc6 7. Be3 a6 8. Qd2
b5 9. a3 Qb6 10. g3 Bb7 11. Bg2 Rc8 12. Ne2 a5 13. O-O cxd4 14. Nfxd4 Bc5 15.
Bf2 O-O 16. Nxc6 Bxf2+ 17. Rxf2 Rxc6 18. Nd4 Rcc8 19. Re1 Rc4 20. c3 g6 21.
g4 Re8 22. Bf1 Qc5 23. b4 Qb6 24. Bxc4 dxc4 25. h3 axb4 26. axb4 Ba8 27. Kh2
Qb7 28. Qe3 Kg7 29. Qg3 Qb8 30. Rfe2 Qb7 31. f5 Qb6 32. Qf4 h6 33. h4 Bd5 34.
Rf1 Qd8 35. Kh3 g5 36. f6+ Kg6 37. Qc1 Kh7 38. Qc2+ Kh8 39. hxg5 Rg8 40.
gxh6 Qf8 41. Qd2 Rg6 42. g5 Qg8 43. Kh4 1-0